[Event "IND-chT 41st"]
[Site "Jalgaon"]
[Date "2022.04.11"]
[Round "6.2"]
[White "Deepan Chakkravarthy, J."]
[Black "Jithin, K."]
[Result "1-0"]
[WhiteElo "2474"]
[BlackElo "1553"]
[PlyCount "59"]
[EventDate "2022.04.08"]
[EventType "team-swiss"]
[EventRounds "9"]
[EventCountry "IND"]
[SourceTitle "CBM 208 Extra"]
[Source "ChessBase"]
[SourceDate "2022.07.31"]
[SourceVersion "1"]
[SourceVersionDate "2022.07.31"]
[SourceQuality "1"]
[WhiteTeam "RSPB"]
[BlackTeam "Services Sports"]
[WhiteTeamCountry "IND"]
[BlackTeamCountry "IND"]

1. e4 d6 2. d4 e5 3. Nf3 exd4 4. Nxd4 Nf6 5. Nc3 Be7 6. g3 0-0 7. Bg2 c6 8. 0-0 Na6 9. h3 Nc5 10. Nb3 Be6 11. Be3 Nxb3 12. axb3 Qc7 13. f4 b6 14. g4 Rfd8 15. g5 Ne8 16. f5 Bc8 17. h4 Bf8 18. Qg4 Rb8 19. Qg3 a5 20. Kh2 Ba6 21. Rfe1 Bc8 22. Bf4 Qd7 23. Nd1 Bb7 24. Ne3 Ra8 25. Rad1 Qc8 26. Nc4 Qc7 27. e5 d5 28. e6 Bd6 29. Nxd6 Rxd6 30. exf7+ 1-0